Cuzco (Record no. 2711)

MARC details
000 -CABECERA
campo de control de longitud fija 00850nam a2200193 a 4500
001 - NÚMERO DE CONTROL
campo de control BRCA_2972
005 - FECHA Y HORA DE LA ÚLTIMA TRANSACCIÓN
campo de control 20190320204041.0
008 - DATOS DE LONGITUD FIJA--INFORMACIÓN GENERAL
campo de control de longitud fija 181208s1856----enka---###---#000-0#eng-#
050 #4 - SIGNATURA TOPOGRÁFICA DE LA BIBLIOTECA DEL CONGRESO
Número de clasificación F3423
Número de documento/Ítem .M37 1856
100 1# - ENTRADA PRINCIPAL--NOMBRE DE PERSONA
Nombre de persona Markham, Clements Robert
9 (RLIN) 8242
245 10 - MENCIÓN DE TÍTULO
Título Cuzco
Resto del título a journey to the ancient capital of Peru, with an account of the history, language, literature, and antiquies of the Incas. And lima : a visit to the capital and provinces of modern Peru, with a skect of the vice regal government, history of the Republic, and review of the literature and society of Peru. With ilustrations and map
Mención de responsabilidad, etc. by Clements Robert Markham.
260 ## - PUBLICACIÓN, DISTRIBUCIÓN, ETC.
Lugar de publicación, distribución, etc. London
Nombre del editor, distribuidor, etc. Chapman and Hall
Fecha de publicación, distribución, etc. 1856
300 ## - DESCRIPCIÓN FÍSICA
Extensión 419 p.
Otras características físicas il.
Dimensiones 21 cm.
500 ## - NOTA GENERAL
Nota general B83
650 14 - PUNTO DE ACCESO ADICIONAL DE MATERIA--TÉRMINO DE MATERIA
Término de materia o nombre geográfico como elemento de entrada Incas
Subdivisión geográfica Cuzco, Peru
9 (RLIN) 8243
650 14 - PUNTO DE ACCESO ADICIONAL DE MATERIA--TÉRMINO DE MATERIA
Término de materia o nombre geográfico como elemento de entrada Quechua
Subdivisión geográfica Lima, Peru
9 (RLIN) 8244
902 ## - CATALOGADOR
Iniciales GFM
942 ## - ELEMENTOS DE PUNTO DE ACCESO ADICIONAL (KOHA)
Fuente del sistema de clasificación o colocación Library of Congress Classification
Tipo de ítem Koha Libros
Holdings
Estado de retiro Estado de pérdida Estado dañado No para préstamo Localización permanente Ubicación/localización actual Fecha de adquisición Número de inventario Total de préstamos Signatura topográfica completa Código de barras Fecha visto por última vez Precio válido a partir de Tipo de ítem Koha
El ejemplar forma parte de la colección y puede ser consultado según las políticas vigentes.       Biblioteca del Museo Franz Mayer (Rogerio Casas-Alatriste) Biblioteca del Museo Franz Mayer (Rogerio Casas-Alatriste) 18/12/2008 B83   F3423 .M37 1856 (B83) 2969 22/03/2019 22/03/2019 Libros